| 000 | 03147nam a2200433 i 4500 | ||
|---|---|---|---|
| 001 | 193339 | ||
| 003 | SpMaBN | ||
| 005 | 20250709185213.0 | ||
| 007 | ta | ||
| 008 | 180503r20172013sp | |||| 000 f spa | ||
| 017 |
_aB 24354-2017 _bOficina Depósito Legal Barcelona |
||
| 020 |
_a9788435010498 _qobra completa |
||
| 020 | _a9788435021708 | ||
| 035 | _a(OCoLC)1039944540 | ||
| 040 |
_aSpMaBN _bspa _cSpMaBN _erdc |
||
| 080 | _a821.112.2-31"19" | ||
| 100 | 1 |
_aDöblin, Alfred, _d1878-1957 _4aut _0XX1163594 _944938 _eaut |
|
| 245 | 1 | 3 |
_aEl regreso de las tropas del frente / _cAlfred Döblin ; traducción de Carlos Fortea |
| 250 | _aPrimera edición: noviembre de 2017 | ||
| 260 |
_aBarcelona : _bEdhasa, _c2017 |
||
| 300 |
_a637 páginas ; _c19 cm |
||
| 336 |
_aTexto (visual) _2isbdcontent |
||
| 337 |
_asin mediación _2isbdmedia |
||
| 338 |
_2rdacarrier _avolumen |
||
| 490 | 0 |
_aNoviembre de 1918, _v2ª parte; v. 2 |
|
| 490 | 1 |
_aPocket Edhasa ; _v515 |
|
| 520 |
_aEn anteportada: Noviembre de 1918: una revolución alemana, obra en tres partes - Primera parte: Burgueses y soldados - Segunda parte: v. 1. El pueblo traicionado; v. 2. El regreso de las tropas del frente - Tercera parte: Karl y Rosa _b"El regreso de las tropas del frente" forma una estrecha unidad con la entrega anterior de este ciclo, "El pueblo traicionado", y en ellos muestra Döblin un Berlín donde algunos habitantes viven en condiciones miserables, mientras otros saben sacar provecho de las oportunidades que la guerra ofrece a los comerciantes sin escrúpulos, a los pequeños y grandes estafadores, y también a los oportunistas políticos, y del choque supone para quienes regresan del frente de guerra el intento de integración en una sociedad tan cambiada respecto a la que en su momento dejaron atrás. Se trata de pequeñas historias personales que van conformando un espléndido mosaico en el que, en perspectiva, podemos ver también la negociación y las consecuencias inmediatas del Tratado de Versalles, que no tardará en cambiar por completo la situación en toda Europa. Amplísimo fresco del ambiente social y político de un episodio decisivo en la historia de Alemania, la revolución de 1918, que precipitó el cambio desde la monarquía del Reich alemán a la República de Weimar, el ciclo completo se estructura del siguiente modo: Primera parte (Burgueses y soldados), Segunda parte (volumen I: El pueblo traicionado; volumen II: El regreso de las tropas del frente) y tercera parte (Karl y Rosa) |
||
| 655 | 7 |
_aNovelas históricas _2tgfbne _9226782 |
|
| 700 | 1 |
_aFortea, Carlos, _d1963- _4trl _etrl _951844 |
|
| 830 |
_9180347 _aPocket Edhasa |
||
| 852 |
_aES-MaACL _bR. 154712 _cDEPOJ _jN-9486 _9200785 _hDonación: Carlos Fortea _xEncuadernación rústica |
||
| 903 |
_aFortea, Carlos, _d1963- _ednr _951844 |
||
| 942 |
_n0 _cMONOGRAFIA |
||
| 999 |
_c193339 _d193339 |
||